00835nam a2200253 a 4500001001300000003000900013005001700022008004100039020001000080082001500090100002400105245002300129260004200152300000900194500003500203505001000238650003000248700002400278902000800302942000700310952010700317952014400424999001300568nice12345678IN_TiNIC20260116011333.0050524s1965 lona grp 000 0 eng  ac10000a232.9bPAR aParrinder, Geoffrey aJesus in the Quran aLondonbFaber and Faber Limitedc1965 a178p aincludes index and biblioraphy2 aIndex aJesus Christ in the Quran1 aParrinder, Geoffrey bSRS cBK 00104070aHMIbHMId2013-08-30g100.00l4o232.9 PARp03218r2020-02-18s2020-02-12w2026-01-16yEB 001040708NFICaHMIbHMIcGENd2022-06-24eDr. Andreas D'Souza collectiong100.00l0o232.9 PAR C2p11002970r2022-06-24w2022-06-24yEB c626d626